000 00725nam a2200229Ia 4500
003 OSt
005 20240701104917.0
008 210716s2013 xx 000 0 und d
020 _a9781259061066
040 _cAIMIT LIBRARY
041 _aeng
082 _a374.22
_21
_bROSA
100 _aRose Anthony A.
_9172052
245 _aDaddy's logic :
_blive a life of no limits no excuses no regrets /
_cBy Anthony A Rose.
250 _a1st ed.
260 _aNew Delhi ;
_bTata McGraw Hill Education Private Limited ,
_c2013.
300 _axviii,243p. ;
_bPB
_c22.2 cm
650 _aDiscover your passion
_9172053
650 _aLead by example
_9172054
650 _aKeep it simple
_9172055
942 _2ddc
_cBK
_e1st
_k374.22 ROSA
999 _c209364
_d209364